Информационные системы в налогообложении: электронный курс
| Autore principale: | |
|---|---|
| Ente Autore: | |
| Riassunto: | Заглавие с экрана Целями освоения дисциплины является приобретение студентами знаний в области информационных систем налогообложения. В процессе изучения данной дисциплины студенты приобретают знания в области основ автоматизации налогового учета, как в организациях, так в структурах индивидуальных предпринимателей, узнают цели и задачи информационных систем, используемых в налогообложении. В онлайн-курсе изучаются принципы функционирования информационных систем и ведения программы налогового учета в организации, изучаются механизмы установки и настройки информационных систем на местах работы пользователей, адаптированных под нужды организации. Онлайн-курс предполагает изучение принципов устранения причин неэффективной и некорректной работы систем; приемов разрабатки и доработки собственных информационных продуктов в области налогообложения. Доступ по логину и паролю |
| Lingua: | russo |
| Pubblicazione: |
Томск, TPU Moodle, 2019
|
| Soggetti: | |
| Accesso online: | https://design.lms.tpu.ru/course/view.php?id=3000 |
| Natura: | Elettronico Libro |
| KOHA link: | https://koha.lib.tpu.ru/cgi-bin/koha/opac-detail.pl?biblionumber=666903 |
MARC
| LEADER | 00000nlm0a2200000 4500 | ||
|---|---|---|---|
| 001 | 666903 | ||
| 005 | 20231218162626.0 | ||
| 035 | |a (RuTPU)RU\TPU\network\38107 | ||
| 035 | |a RU\TPU\network\38104 | ||
| 090 | |a 666903 | ||
| 100 | |a 20220204d2019 m y0rusy50 ca | ||
| 101 | 0 | |a rus | |
| 102 | |a RU | ||
| 105 | |a a j 000zy | ||
| 135 | |a jrcn ---uucaa | ||
| 181 | 0 | |a i | |
| 182 | 0 | |a b | |
| 200 | 1 | |a Информационные системы в налогообложении |e электронный курс |f С. В. Разумников |g Национальный исследовательский Томский политехнический университет, Физико-технический институт, Кафедра теоретической и экспериментальной физики, Центр технологий | |
| 203 | |a Текст |c электронный | ||
| 210 | |a Томск |c TPU Moodle |d 2019 | ||
| 300 | |a Заглавие с экрана | ||
| 330 | |a Целями освоения дисциплины является приобретение студентами знаний в области информационных систем налогообложения. В процессе изучения данной дисциплины студенты приобретают знания в области основ автоматизации налогового учета, как в организациях, так в структурах индивидуальных предпринимателей, узнают цели и задачи информационных систем, используемых в налогообложении. В онлайн-курсе изучаются принципы функционирования информационных систем и ведения программы налогового учета в организации, изучаются механизмы установки и настройки информационных систем на местах работы пользователей, адаптированных под нужды организации. Онлайн-курс предполагает изучение принципов устранения причин неэффективной и некорректной работы систем; приемов разрабатки и доработки собственных информационных продуктов в области налогообложения. | ||
| 333 | |a Доступ по логину и паролю | ||
| 606 | 1 | |a Налогообложение |2 stltpush |3 (RuTPU)RU\TPU\subj\36473 |9 57839 | |
| 610 | 1 | |a электронный ресурс | |
| 610 | 1 | |a труды учёных ТПУ | |
| 610 | 1 | |a электронное обучение | |
| 610 | 1 | |a электронные курсы ТПУ | |
| 610 | 1 | |a электронные учебные пособия | |
| 610 | 1 | |a налоговые информационные системы | |
| 610 | 1 | |a налоговые органы | |
| 610 | 1 | |a программные продукты | |
| 610 | 1 | |a налоговая информация | |
| 610 | 1 | |a защита информации | |
| 686 | |a У9(2)261.4я73 |2 rubbk | ||
| 700 | 1 | |a Разумников |b С. В. |c специалист в области информатики и вычислительной техники |c доцент Юргинского технологического института (филиала) Томского политехнического университета, кандидат технических наук |f 1988- |g Сергей Викторович |3 (RuTPU)RU\TPU\pers\31649 |9 15786 | |
| 712 | 0 | 2 | |a Национальный исследовательский Томский политехнический университет |b Физико-технический институт |b Кафедра теоретической и экспериментальной физики |b Центр технологий |3 (RuTPU)RU\TPU\col\20620 |
| 801 | 2 | |a RU |b 63413507 |c 20220714 |g RCR | |
| 856 | 4 | |u https://design.lms.tpu.ru/course/view.php?id=3000 | |
| 942 | |c CF | ||